[Event "European Online Club-ch-F 2021"]
[Site "Online"]
[Date "2021.03.27"]
[Round "2.7"]
[White "Eden, James"]
[Black "Can, Isik"]
[Result "0-1"]
[WhiteElo "2294"]
[BlackElo "2380"]
[Annotator "NA"]
[PlyCount "94"]
[EventDate "2021.03.27"]
[EventType "team-tourn"]
[EventCountry "NET"]
[SourceTitle "playchess.com"]
[Source "ChessBase"]
[SourceQuality "1"]
[TimeControl "900+5"]

1. e4 {[%emt 0:00:00]} c6 {[%emt 0:00:03]} 2. d4 {[%emt 0:00:05]} d5 {[%emt 0:00:03]} 3. Nc3 {[%emt 0:00:01]} dxe4 {[%emt 0:00:02]} 4. Nxe4 {[%emt 0:00:03]} Bf5 {[%emt 0:00:02]} 5. Ng3 {[%emt 0:00:05]} Bg6 {[%emt 0:00:03]} 6. h4 {[%emt 0:00:02]} h6 {[%emt 0:00:02]} 7. Nf3 {[%emt 0:00:02]} Nd7 {[%emt 0:00:04]} 8. h5 {[%emt 0:00:01]} Bh7 {[%emt 0:00:02]} 9. Bd3 {[%emt 0:00:02]} Bxd3 {[%emt 0:00:02]} 10. Qxd3 {[%emt 0:00:01]} e6 {[%emt 0:00:02]} 11. Bd2 {[%emt 0:00:03]} Ngf6 {[%emt 0:00:02]} 12. O-O-O {[%emt 0:00:03]} Be7 {[%emt 0:00:02]} 13. Kb1 {[%emt 0:00:05]} O-O {[%emt 0:00:03]} 14. Ne4 {[%emt 0:00:06]} c5 {[%emt 0:00:04]} 15. dxc5 {[%emt 0:00:13]} Nxc5 {[%emt 0:00:07]} 16. Qxd8 {[%emt 0:00:43]} Rfxd8 {[%emt 0:00:03]} 17. Nxf6+ {[%emt 0:00:01]} Bxf6 {[%emt 0:00:03]} 18. Be3 {[%emt 0:00:02]} Na4 {[%emt 0:00:31]} 19. c3 {[%emt 0:00:18]} Rxd1+ {[%emt 0:04:55]} 20. Rxd1 {[%emt 0:00:06]} Bxc3 {[%emt 0:00:02]} 21. Rd7 {[%emt 0:01:49]} Bxb2 {[%emt 0:00:58]} 22. Rxb7 {[%emt 0:00:10]} Bf6 {[%emt 0:00:06]} 23. Bd4 {[%emt 0:05:05]} Bxd4 {[%emt 0:01:38]} 24. Nxd4 {[%emt 0:00:03]} Rd8 {[%emt 0:00:02]} 25. Nf3 {[%emt 0:00:43]} Nc3+ {[%emt 0:04:16]} 26. Kc2 {[%emt 0:00:35]} Rc8 {[%emt 0:00:15]} 27. Kb3 {[%emt 0:00:12]} a6 {[%emt 0:00:55]} 28. Ra7 {[%emt 0:00:48]} Ne4 {[%emt 0:00:12]} 29. Kb4 {[%emt 0:00:26]} Nxf2 {[%emt 0:00:08]} 30. Rxa6 {[%emt 0:00:09]} Nd3+ {[%emt 0:00:04]} 31. Kb5 {[%emt 0:00:05]} e5 {[%emt 0:00:22]} 32. a4 {[%emt 0:01:49]} e4 {[%emt 0:00:21]} 33. Nd4 {[%emt 0:00:05]} e3 {[%emt 0:00:23]} 34. Rc6 {[%emt 0:00:14]} Rb8+ {[%emt 0:00:20]} 35. Rb6 {[%emt 0:00:15]} Rc8 {[%emt 0:00:43]} 36. Rc6 {[%emt 0:00:06]} Rb8+ {[%emt 0:00:39]} 37. Rb6 {[%emt 0:00:04]} Rd8 {[%emt 0:00:01]} 38. Ne2 {[%emt 0:00:05]} Ne5 {[%emt 0:00:02]} 39. a5 {[%emt 0:00:10]} Rd2 {[%emt 0:00:04]} 40. Rb8+ {[%emt 0:01:19]} Kh7 {[%emt 0:00:04]} 41. Re8 {[%emt 0:00:02]} f6 {[%emt 0:00:02]} 42. Ng1 {[%emt 0:02:02]} Rb2+ {[%emt 0:00:21]} 43. Kc5 {[%emt 0:00:03]} Rxg2 {[%emt 0:00:08]} 44. a6 {[%emt 0:00:05]} Rxg1 {[%emt 0:00:08]} 45. a7 {[%emt 0:00:02]} Ra1 {[%emt 0:00:02]} 46. a8=Q {[%emt 0:00:03]} Rxa8 {[%emt 0:00:02]} 47. Rxa8 {[%emt 0:00:02]} e2 {[%emt 0:00:02]} 0-1

[Event "European Online Club-ch-F 2021"]
[Site "Online"]
[Date "2021.03.27"]
[Round "2.8"]
[White "Ozen, Bahadir"]
[Black "Maatoug, Redwan"]
[Result "1-0"]
[WhiteElo "2369"]
[BlackElo "2202"]
[Annotator "NA"]
[PlyCount "95"]
[EventDate "2021.03.27"]
[EventType "team-tourn"]
[EventCountry "NET"]
[SourceTitle "playchess.com"]
[Source "ChessBase"]
[SourceQuality "1"]
[TimeControl "900+5"]

1. g3 {[%emt 0:00:00]} c5 {[%emt 0:00:07]} 2. Bg2 {[%emt 0:00:03]} Nc6 {[%emt 0:00:03]} 3. c4 {[%emt 0:00:06]} g6 {[%emt 0:00:05]} 4. Nc3 {[%emt 0:00:07]} Bg7 {[%emt 0:00:04]} 5. e3 {[%emt 0:00:07]} Nb4 {[%emt 0:00:43]} 6. d3 {[%emt 0:00:12]} d6 {[%emt 0:00:09]} 7. a3 {[%emt 0:00:06]} Nc6 {[%emt 0:00:03]} 8. Nge2 {[%emt 0:00:02]} h5 {[%emt 0:00:19]} 9. h3 {[%emt 0:00:32]} Nf6 {[%emt 0:00:12]} 10. Rb1 {[%emt 0:00:19]} e5 {[%emt 0:01:38]} 11. b4 {[%emt 0:00:22]} Qe7 {[%emt 0:01:36]} 12. bxc5 {[%emt 0:02:17]} dxc5 {[%emt 0:00:04]} 13. Qa4 {[%emt 0:01:10]} O-O {[%emt 0:00:08]} 14. O-O {[%emt 0:00:09]} Bf5 {[%emt 0:02:42]} 15. e4 {[%emt 0:01:15]} Bd7 {[%emt 0:00:05]} 16. Bg5 {[%emt 0:00:02]} Qe8 {[%emt 0:01:32]} 17. Bxf6 {[%emt 0:00:48]} Nd4 {[%emt 0:00:26]} 18. Qd1 {[%emt 0:00:12]} Bxf6 {[%emt 0:00:09]} 19. Nd5 {[%emt 0:00:08]} Bd8 {[%emt 0:00:07]} 20. Nxd4 {[%emt 0:00:03]} cxd4 {[%emt 0:00:08]} 21. Rxb7 {[%emt 0:00:14]} Bc6 {[%emt 0:00:02]} 22. Rb2 {[%emt 0:00:30]} Bxd5 {[%emt 0:00:33]} 23. exd5 {[%emt 0:00:01]} Rc8 {[%emt 0:00:09]} 24. Re2 {[%emt 0:00:18]} Qe7 {[%emt 0:00:21]} 25. f4 {[%emt 0:01:08]} e4 {[%emt 0:00:34]} 26. Bxe4 {[%emt 0:00:36]} Qxa3 {[%emt 0:00:04]} 27. f5 {[%emt 0:00:11]} Qd6 {[%emt 0:00:05]} 28. Rf3 {[%emt 0:00:57]} Bg5 {[%emt 0:00:11]} 29. Kg2 {[%emt 0:00:02]} Be3 {[%emt 0:00:42]} 30. Ra2 {[%emt 0:00:29]} Rb8 {[%emt 0:00:17]} 31. h4 {[%emt 0:00:16]} a5 {[%emt 0:00:13]} 32. Qc2 {[%emt 0:00:24]} Qb4 {[%emt 0:00:18]} 33. c5 {[%emt 0:00:03]} Rb5 {[%emt 0:00:51]} 34. fxg6 {[%emt 0:00:16]} fxg6 {[%emt 0:00:11]} 35. Rxf8+ {[%emt 0:00:03]} Kxf8 {[%emt 0:00:04]} 36. c6 {[%emt 0:01:07]} Rc5 {[%emt 0:00:47]} 37. c7 {[%emt 0:00:07]} Qc3 {[%emt 0:00:14]} 38. Qb1 {[%emt 0:02:27]} Rxc7 {[%emt 0:00:23]} 39. Bxg6 {[%emt 0:00:02]} Kg7 {[%emt 0:01:03]} 40. Bxh5 {[%emt 0:00:12]} Qc5 {[%emt 0:00:29]} 41. Bf3 {[%emt 0:00:10]} Qd6 {[%emt 0:00:12]} 42. Rc2 {[%emt 0:00:22]} Rf7 {[%emt 0:00:10]} 43. Be4 {[%emt 0:00:16]} Qf6 {[%emt 0:00:09]} 44. Qd1 {[%emt 0:00:08]} Kh6 {[%emt 0:00:06]} 45. Rc6 {[%emt 0:00:04]} a4 {[%emt 0:00:04]} 46. Rxf6+ {[%emt 0:00:02]} Rxf6 {[%emt 0:00:01]} 47. Qxa4 {[%emt 0:00:02]} Rf2+ {[%emt 0:00:02]} 48. Kh3 {[%emt 0:00:01]} 1-0

[Event "European Online Club-ch-F 2021"]
[Site "Online"]
[Date "2021.03.27"]
[Round "2.9"]
[White "Yilmazyerli, Mert"]
[Black "Pechac, Jergus"]
[Result "1/2-1/2"]
[WhiteElo "2413"]
[BlackElo "2507"]
[Annotator "ChessBase"]
[PlyCount "68"]
[EventDate "2021.03.27"]
[EventType "team-tourn"]
[EventCountry "NET"]
[SourceTitle "playchess.com"]
[Source "ChessBase"]
[SourceQuality "1"]
[TimeControl "900+5"]

1. Nf3 {[%emt 0:00:00]} d5 {[%emt 0:00:09]} 2. g3 {[%emt 0:00:03]} g6 {[%emt 0:00:02]} 3. Bg2 {[%emt 0:00:01]} Bg7 {[%emt 0:00:01]} 4. d4 {[%emt 0:00:08]} Nf6 {[%emt 0:00:02]} 5. c4 {[%emt 0:00:02]} dxc4 {[%emt 0:00:19]} 6. Na3 {[%emt 0:00:07]} c3 {[%emt 0:00:03]} 7. bxc3 {[%emt 0:00:02]} O-O {[%emt 0:00:02]} 8. O-O {[%emt 0:00:01]} c5 {[%emt 0:00:02]} 9. Ne5 {[%emt 0:00:01]} Nc6 {[%emt 0:00:06]} 10. Nxc6 {[%emt 0:00:09]} bxc6 {[%emt 0:00:03]} 11. Nc4 {[%emt 0:00:01]} Be6 {[%emt 0:00:25]} 12. Ne5 {[%emt 0:00:06]} Nd5 {[%emt 0:00:20]} 13. Bd2 {[%emt 0:00:58]} cxd4 {[%emt 0:02:45]} 14. Nxc6 {[%emt 0:00:21]} Qd7 {[%emt 0:00:45]} 15. Nxd4 {[%emt 0:00:05]} Rac8 {[%emt 0:00:55]} 16. Nxe6 {[%emt 0:03:20]} Qxe6 {[%emt 0:00:04]} 17. Bxd5 {[%emt 0:00:39]} Qxd5 {[%emt 0:00:00]} 18. Be3 {[%emt 0:00:11]} Qa5 {[%emt 0:00:30]} 19. Rc1 {[%emt 0:00:30]} Qxa2 {[%emt 0:02:02]} 20. Ra1 {[%emt 0:00:09]} Qe6 {[%emt 0:00:06]} 21. Rxa7 {[%emt 0:00:56]} Rxc3 {[%emt 0:00:29]} 22. Bd4 {[%emt 0:00:46]} Bxd4 {[%emt 0:00:14]} 23. Qxd4 {[%emt 0:00:03]} Rfc8 {[%emt 0:00:10]} 24. Qd7 {[%emt 0:00:41]} Qxd7 {[%emt 0:00:03]} 25. Rxd7 {[%emt 0:00:02]} R3c7 {[%emt 0:00:01]} 26. Rxc7 {[%emt 0:00:01]} Rxc7 {[%emt 0:00:00]} 27. Rd1 {[%emt 0:00:03]} Kg7 {[%emt 0:00:02]} 28. Kg2 {[%emt 0:00:01]} h5 {[%emt 0:00:03]} 29. h4 {[%emt 0:00:02]} e6 {[%emt 0:00:01]} 30. e3 {[%emt 0:00:01]} Ra7 {[%emt 0:00:04]} 31. Kf3 {[%emt 0:00:03]} Re7 {[%emt 0:00:02]} 32. Kg2 {[%emt 0:00:02]} Ra7 {[%emt 0:00:01]} 33. Kf3 {[%emt 0:00:01]} Re7 {[%emt 0:00:02]} 34. Kg2 {[%emt 0:00:01]} Ra7 {[%emt 0:00:02]} 1/2-1/2

[Event "European Online Club-ch-F 2021"]
[Site "Online"]
[Date "2021.03.27"]
[Round "2.10"]
[White "Zwardon, Vojtech"]
[Black "Isik, Alparslan"]
[Result "1-0"]
[WhiteElo "2466"]
[BlackElo "2321"]
[Annotator "ChessBase"]
[PlyCount "101"]
[EventDate "2021.03.27"]
[EventType "team-tourn"]
[EventCountry "NET"]
[SourceTitle "playchess.com"]
[Source "ChessBase"]
[SourceQuality "1"]
[TimeControl "900+5"]

1. c4 {[%emt 0:00:00]} c5 {[%emt 0:00:13]} 2. g3 {[%emt 0:00:03]} Nc6 {[%emt 0:00:10]} 3. Bg2 {[%emt 0:00:01]} g6 {[%emt 0:00:05]} 4. Nc3 {[%emt 0:00:02]} Bg7 {[%emt 0:00:02]} 5. d3 {[%emt 0:00:02]} e6 {[%emt 0:00:24]} 6. Bf4 {[%emt 0:00:03]} d6 {[%emt 0:00:10]} 7. Nf3 {[%emt 0:00:04]} Nge7 {[%emt 0:00:06]} 8. Rb1 {[%emt 0:00:10]} Rb8 {[%emt 0:00:11]} 9. a3 {[%emt 0:00:03]} a6 {[%emt 0:00:09]} 10. Qd2 {[%emt 0:00:03]} b5 {[%emt 0:00:06]} 11. cxb5 {[%emt 0:00:03]} axb5 {[%emt 0:00:02]} 12. Bh6 {[%emt 0:00:01]} O-O {[%emt 0:00:04]} 13. b4 {[%emt 0:01:04]} cxb4 {[%emt 0:00:20]} 14. axb4 {[%emt 0:00:00]} d5 {[%emt 0:00:29]} 15. h4 {[%emt 0:00:22]} f6 {[%emt 0:00:39]} 16. Bxg7 {[%emt 0:00:15]} Kxg7 {[%emt 0:00:02]} 17. h5 {[%emt 0:00:00]} g5 {[%emt 0:00:08]} 18. h6+ {[%emt 0:00:09]} Kh8 {[%emt 0:00:03]} 19. e4 {[%emt 0:00:21]} Qd6 {[%emt 0:01:03]} 20. d4 {[%emt 0:00:38]} g4 {[%emt 0:01:17]} 21. e5 {[%emt 0:02:14]} fxe5 {[%emt 0:00:15]} 22. Qg5 {[%emt 0:02:21]} Nf5 {[%emt 0:00:48]} 23. Qxg4 {[%emt 0:00:05]} Ncxd4 {[%emt 0:00:27]} 24. Rh5 {[%emt 0:00:32]} Qc7 {[%emt 0:02:22]} 25. Rc1 {[%emt 0:01:09]} Nb3 {[%emt 0:01:01]} 26. Rc2 {[%emt 0:00:04]} e4 {[%emt 0:00:07]} 27. Nd1 {[%emt 0:01:31]} Qe7 {[%emt 0:02:56]} 28. Ne5 {[%emt 0:00:28]} Qf6 {[%emt 0:00:17]} 29. Qf4 {[%emt 0:01:06]} Rb7 {[%emt 0:00:22]} 30. g4 {[%emt 0:00:26]} Ne7 {[%emt 0:00:34]} 31. Qe3 {[%emt 0:00:18]} Ng6 {[%emt 0:00:53]} 32. Nxg6+ {[%emt 0:01:26]} hxg6 {[%emt 0:00:02]} 33. g5 {[%emt 0:00:05]} Nd4 {[%emt 0:01:12]} 34. Rc3 {[%emt 0:01:35]} Nf5 {[%emt 0:00:05]} 35. Qc5 {[%emt 0:00:08]} Qe7 {[%emt 0:00:12]} 36. Rhh3 {[%emt 0:00:11]} Bd7 {[%emt 0:00:16]} 37. Ne3 {[%emt 0:00:09]} Qxc5 {[%emt 0:00:11]} 38. Rxc5 {[%emt 0:00:00]} Nxe3 {[%emt 0:00:12]} 39. Rxe3 {[%emt 0:00:01]} Rc8 {[%emt 0:00:05]} 40. Rec3 {[%emt 0:00:05]} Rxc5 {[%emt 0:00:02]} 41. Rxc5 {[%emt 0:00:00]} Ra7 {[%emt 0:00:08]} 42. Ke2 {[%emt 0:00:12]} Rb7 {[%emt 0:00:11]} 43. Ke3 {[%emt 0:00:02]} Kg8 {[%emt 0:00:02]} 44. Kd4 {[%emt 0:00:01]} Be8 {[%emt 0:00:04]} 45. Ke5 {[%emt 0:00:02]} Rf7 {[%emt 0:00:04]} 46. Bh3 {[%emt 0:00:02]} Rxf2 {[%emt 0:00:04]} 47. Bxe6+ {[%emt 0:00:04]} Kf8 {[%emt 0:00:07]} 48. Rc8 {[%emt 0:00:17]} Ke7 {[%emt 0:00:04]} 49. Rc7+ {[%emt 0:00:19]} Kf8 {[%emt 0:00:01]} 50. Rh7 {[%emt 0:00:05]} e3 {[%emt 0:00:03]} 51. Kd6 {[%emt 0:00:02]} 1-0

[Event "European Online Club-ch-F 2021"]
[Site "Online"]
[Date "2021.03.27"]
[Round "2.11"]
[White "Karaoglan, Doruk"]
[Black "Druska, Juraj"]
[Result "0-1"]
[WhiteElo "2230"]
[BlackElo "2495"]
[Annotator "ChessBase"]
[PlyCount "78"]
[EventDate "2021.03.27"]
[EventType "team-tourn"]
[EventCountry "NET"]
[SourceTitle "playchess.com"]
[Source "ChessBase"]
[SourceQuality "1"]
[TimeControl "900+5"]

1. e4 {[%emt 0:00:00]} c5 {[%emt 0:00:30]} 2. Nc3 {[%emt 0:00:08]} Nc6 {[%emt 0:00:03]} 3. g3 {[%emt 0:00:03]} g6 {[%emt 0:00:02]} 4. Bg2 {[%emt 0:00:05]} Bg7 {[%emt 0:00:02]} 5. d3 {[%emt 0:00:06]} d6 {[%emt 0:00:02]} 6. f4 {[%emt 0:00:05]} e6 {[%emt 0:00:24]} 7. Nf3 {[%emt 0:00:04]} Nge7 {[%emt 0:00:03]} 8. Be3 {[%emt 0:00:02]} Nd4 {[%emt 0:00:05]} 9. O-O {[%emt 0:00:15]} O-O {[%emt 0:00:03]} 10. e5 {[%emt 0:00:49]} Nef5 {[%emt 0:01:45]} 11. Bf2 {[%emt 0:00:03]} Nxf3+ {[%emt 0:00:05]} 12. Bxf3 {[%emt 0:01:40]} dxe5 {[%emt 0:00:13]} 13. fxe5 {[%emt 0:00:04]} Bxe5 {[%emt 0:01:42]} 14. Ne4 {[%emt 0:05:04]} Bxb2 {[%emt 0:01:46]} 15. Nxc5 {[%emt 0:02:11]} Bd4 {[%emt 0:00:30]} 16. Nb3 {[%emt 0:02:30]} Bxf2+ {[%emt 0:02:04]} 17. Rxf2 {[%emt 0:00:03]} Rb8 {[%emt 0:00:00]} 18. d4 {[%emt 0:01:24]} b6 {[%emt 0:00:19]} 19. a4 {[%emt 0:00:23]} Bb7 {[%emt 0:00:12]} 20. c4 {[%emt 0:00:58]} Bxf3 {[%emt 0:00:27]} 21. Rxf3 {[%emt 0:00:03]} Rc8 {[%emt 0:00:04]} 22. Rc3 {[%emt 0:00:36]} Qe7 {[%emt 0:00:35]} 23. g4 {[%emt 0:00:13]} Qb4 {[%emt 0:00:59]} 24. Qd3 {[%emt 0:00:03]} Ne7 {[%emt 0:00:10]} 25. Nd2 {[%emt 0:00:02]} Rfd8 {[%emt 0:00:43]} 26. Ne4 {[%emt 0:00:03]} Nc6 {[%emt 0:00:01]} 27. d5 {[%emt 0:00:04]} exd5 {[%emt 0:00:57]} 28. cxd5 {[%emt 0:00:12]} Ne5 {[%emt 0:00:10]} 29. Rxc8 {[%emt 0:00:02]} Nxd3 {[%emt 0:00:28]} 30. Rxd8+ {[%emt 0:00:02]} Kg7 {[%emt 0:00:01]} 31. Nd6 {[%emt 0:00:11]} Qd4+ {[%emt 0:01:11]} 32. Kg2 {[%emt 0:00:02]} Qb2+ {[%emt 0:00:07]} 33. Kh3 {[%emt 0:00:04]} Qxa1 {[%emt 0:00:12]} 34. g5 {[%emt 0:00:03]} Qf1+ {[%emt 0:00:10]} 35. Kg3 {[%emt 0:00:07]} Qf2+ {[%emt 0:00:05]} 36. Kh3 {[%emt 0:00:04]} Qf3+ {[%emt 0:00:16]} 37. Kh4 {[%emt 0:00:02]} Qf4+ {[%emt 0:00:00]} 38. Kh3 {[%emt 0:00:02]} Qf3+ {[%emt 0:00:05]} 39. Kh4 {[%emt 0:00:02]} Qh5+ {[%emt 0:00:02]} 0-1

[Event "European Online Club-ch-F 2021"]
[Site "Online"]
[Date "2021.03.27"]
[Round "2.12"]
[White "Jablonicky, Martin"]
[Black "Apaydin, Fethi"]
[Result "1/2-1/2"]
[WhiteElo "2298"]
[BlackElo "2260"]
[Annotator "NA"]
[PlyCount "99"]
[EventDate "2021.03.27"]
[EventType "team-tourn"]
[EventCountry "NET"]
[SourceTitle "playchess.com"]
[Source "ChessBase"]
[SourceQuality "1"]
[TimeControl "900+5"]

1. e4 {[%emt 0:00:00]} c5 {[%emt 0:00:06]} 2. a3 {[%emt 0:00:06]} d6 {[%emt 0:01:29]} 3. b4 {[%emt 0:00:06]} Nf6 {[%emt 0:00:19]} 4. d3 {[%emt 0:00:35]} e5 {[%emt 0:00:23]} 5. Nf3 {[%emt 0:00:09]} Bg4 {[%emt 0:00:13]} 6. h3 {[%emt 0:00:12]} Bxf3 {[%emt 0:00:05]} 7. Qxf3 {[%emt 0:00:04]} Nc6 {[%emt 0:00:01]} 8. c3 {[%emt 0:00:07]} Be7 {[%emt 0:00:07]} 9. Bg5 {[%emt 0:00:58]} Nd7 {[%emt 0:00:15]} 10. Bxe7 {[%emt 0:00:12]} Qxe7 {[%emt 0:00:03]} 11. Be2 {[%emt 0:00:19]} O-O {[%emt 0:00:03]} 12. O-O {[%emt 0:00:07]} Qg5 {[%emt 0:00:20]} 13. Qe3 {[%emt 0:00:21]} Qxe3 {[%emt 0:00:24]} 14. fxe3 {[%emt 0:00:03]} Nb6 {[%emt 0:00:13]} 15. Nd2 {[%emt 0:00:19]} Rfd8 {[%emt 0:00:41]} 16. Bd1 {[%emt 0:01:33]} f6 {[%emt 0:00:34]} 17. Bb3+ {[%emt 0:00:41]} Kf8 {[%emt 0:00:03]} 18. Nc4 {[%emt 0:01:07]} Nxc4 {[%emt 0:00:29]} 19. Bxc4 {[%emt 0:00:03]} Ne7 {[%emt 0:00:01]} 20. bxc5 {[%emt 0:01:05]} dxc5 {[%emt 0:00:03]} 21. Rab1 {[%emt 0:00:02]} b6 {[%emt 0:00:20]} 22. g4 {[%emt 0:00:26]} h6 {[%emt 0:01:10]} 23. Kh2 {[%emt 0:00:03]} Rd6 {[%emt 0:00:11]} 24. h4 {[%emt 0:00:10]} g5 {[%emt 0:01:06]} 25. hxg5 {[%emt 0:00:32]} hxg5 {[%emt 0:00:03]} 26. Kg3 {[%emt 0:00:02]} Kg7 {[%emt 0:00:05]} 27. Rh1 {[%emt 0:00:10]} Rh8 {[%emt 0:00:06]} 28. Rxh8 {[%emt 0:00:10]} Kxh8 {[%emt 0:00:02]} 29. a4 {[%emt 0:00:01]} Nc6 {[%emt 0:01:00]} 30. Bd5 {[%emt 0:00:07]} Na5 {[%emt 0:00:02]} 31. Kf3 {[%emt 0:00:07]} Kg7 {[%emt 0:00:01]} 32. Ke2 {[%emt 0:00:11]} Rd8 {[%emt 0:00:02]} 33. d4 {[%emt 0:00:24]} Rc8 {[%emt 0:00:30]} 34. Kd3 {[%emt 0:00:48]} c4+ {[%emt 0:00:31]} 35. Ke2 {[%emt 0:00:56]} Rh8 {[%emt 0:00:12]} 36. dxe5 {[%emt 0:00:23]} Rh2+ {[%emt 0:00:35]} 37. Kf3 {[%emt 0:00:09]} fxe5 {[%emt 0:00:04]} 38. Rf1 {[%emt 0:01:26]} Rc2 {[%emt 0:01:57]} 39. Kg3 {[%emt 0:00:03]} Rxc3 {[%emt 0:00:03]} 40. Rf5 {[%emt 0:00:03]} Kg6 {[%emt 0:00:20]} 41. Rxe5 {[%emt 0:00:18]} Rd3 {[%emt 0:00:22]} 42. Re7 {[%emt 0:01:08]} c3 {[%emt 0:00:47]} 43. Rc7 {[%emt 0:00:12]} a6 {[%emt 0:00:31]} 44. Kf3 {[%emt 0:00:29]} Kf6 {[%emt 0:00:56]} 45. Ke2 {[%emt 0:01:06]} Rd2+ {[%emt 0:00:02]} 46. Ke1 {[%emt 0:00:02]} Rd3 {[%emt 0:00:46]} 47. Ke2 {[%emt 0:00:08]} Rd2+ {[%emt 0:00:09]} 48. Ke1 {[%emt 0:00:02]} Rc2 {[%emt 0:00:39]} 49. Kd1 {[%emt 0:00:08]} Rd2+ {[%emt 0:00:09]} 50. Ke1 {[%emt 0:00:04]} 1/2-1/2

[Event "European Online Club-ch-F 2021"]
[Site "Online"]
[Date "2021.03.27"]
[Round "2.13"]
[White "Gorodetzky, Matan"]
[Black "Kovalev, Vladislav"]
[Result "1-0"]
[WhiteElo "2253"]
[BlackElo "2648"]
[Annotator "TA"]
[PlyCount "71"]
[EventDate "2021.03.27"]
[EventType "team-tourn"]
[EventCountry "NET"]
[SourceTitle "playchess.com"]
[Source "ChessBase"]
[SourceQuality "1"]

{[%evp 13,71,22,29,14,18,0,14,20,19,26,18,0,7,-13,7,-9,28,-10,27,18,23,21,31,16,21,0,30,18,21,0,0,0,0,0,6,0,30,45,139,141,221,238,233,224,230,230,229,231,304,270,656,656,864,860,1064,693,1717,1514,29993,29994]} 1. e4 e5 2. Nf3 Nc6 3. Bc4 Nf6 4. d3 Bc5 5. O-O a6 6. a4 d6 7. c3 h6 8. Na3 {C54: Giuoco Piano: 4 c3 Nf6, main lines with 5 d4 and 5 d3.} O-O 9. Nc2 (9. b4 {is interesting.} Ba7 10. Re1 Ne7 11. Bb3 Ng6 12. Nc4) 9... Re8 10. Be3 {The position is equal.} Bxe3 11. Nxe3 Be6 12. Re1 Qd7 {[#]} 13. b4 $146 ({Predecessor:} 13. Bxe6 Rxe6 14. Nf5 d5 15. Qc2 Nh5 16. g3 Nf6 17. Rad1 Kh7 18. Re2 Rd8 19. Rde1 dxe4 20. dxe4 {1-0 (35) Perez,M (2417)-Tomiello,M (1969) chess.com INT 2020}) 13... Ne7 14. Qb3 Ng6 15. g3 Rad8 16. Bxe6 Rxe6 17. c4 Nh7 18. h4 Nf6 19. b5 Nh5 20. Qd1 Nf6 21. Nd2 c6 22. bxa6 bxa6 23. Nb3 Qa7 24. Qd2 d5 25. Qa5 Red6 ({Black should try} 25... Ree8 $1 $14) 26. Nf5 $16 R6d7 (26... dxc4 $16 27. dxc4 (27. Nxd6 Rxd6 28. Qb4 Rxd3 $11) 27... Ng4) 27. Nc5 $18 {[%mdl 64] [#] Double Attack} Rc7 28. Rab1 {[%cal Ba1b1,Bb1b6,Bb6a6,Ba6a8][%mdl 32]} (28. Nxa6 Rdd7 $16) 28... Kh7 29. Rb6 (29. Nxa6 $6 Rcd7 $16) 29... dxc4 30. dxc4 (30. Rxa6 $6 Qb8 $16) 30... Ne7 31. Reb1 ({Less strong is} 31. Qxa6 Nxe4 32. Qxa7 (32. Nxe4 Qxa6 33. Rxa6 Nxf5 $14) (32. Rxe4 Nxf5 33. Rxe5 Nd6 $16) 32... Rxa7 $16) (31. Rxa6 Qb8 $18) (31. Nxa6 Nxf5 32. exf5 Rcd7 $17) 31... Nxf5 $2 (31... Nxe4 32. Nxe7 (32. Nxe4 Nxf5 33. Nc5 Re7 $16) 32... Nxc5) 32. Rxa6 ({Weaker is} 32. exf5 Qa8 $16) 32... Ra8 33. exf5 Qxc5 34. Rxa8 Qd6 35. Rbb8 {[%csl Ga8][%cal Rb8h8] [#]} Qd1+ 36. Kg2 {[%csl Ga8][%cal Rb8h8] Weighted Error Value: White=0.23/Black=0.63} 1-0

[Event "European Online Club-ch-F 2021"]
[Site "Online"]
[Date "2021.03.27"]
[Round "2.14"]
[White "Azarov, Sergei"]
[Black "Katkov, Michelle"]
[Result "1-0"]
[WhiteElo "2604"]
[BlackElo "2078"]
[Annotator "ChessBase"]
[PlyCount "89"]
[EventDate "2021.03.27"]
[EventType "team-tourn"]
[EventCountry "NET"]
[SourceTitle "playchess.com"]
[Source "ChessBase"]
[SourceQuality "1"]
[TimeControl "900+5"]

1. e4 {[%emt 0:12:51]} e5 {[%emt 0:00:05]} 2. Nf3 {[%emt 0:00:03]} Nc6 {[%emt 0:00:02]} 3. Bb5 {[%emt 0:00:11]} a6 {[%emt 0:00:04]} 4. Ba4 {[%emt 0:00:07]} Nf6 {[%emt 0:00:03]} 5. O-O {[%emt 0:00:02]} Nxe4 {[%emt 0:00:50]} 6. d4 {[%emt 0:00:55]} b5 {[%emt 0:00:03]} 7. Bb3 {[%emt 0:00:02]} d5 {[%emt 0:00:02]} 8. dxe5 {[%emt 0:00:02]} Be6 {[%emt 0:00:01]} 9. Nbd2 {[%emt 0:00:02]} Bc5 {[%emt 0:00:02]} 10. Nxe4 {[%emt 0:00:13]} dxe4 {[%emt 0:00:02]} 11. Bxe6 {[%emt 0:00:04]} Qxd1 {[%emt 0:00:06]} 12. Rxd1 {[%emt 0:00:02]} fxe6 {[%emt 0:00:02]} 13. Ng5 {[%emt 0:00:04]} O-O {[%emt 0:00:03]} 14. Nxe4 {[%emt 0:00:05]} Bb6 {[%emt 0:00:02]} 15. Kf1 {[%emt 0:00:11]} Nxe5 {[%emt 0:00:23]} 16. Ke2 {[%emt 0:00:02]} Rad8 {[%emt 0:00:24]} 17. Rxd8 {[%emt 0:00:12]} Rxd8 {[%emt 0:00:02]} 18. f3 {[%emt 0:00:25]} h6 {[%emt 0:00:26]} 19. b3 {[%emt 0:00:06]} Bd4 {[%emt 0:00:08]} 20. c3 {[%emt 0:00:06]} Bb6 {[%emt 0:00:03]} 21. Bf4 {[%emt 0:00:19]} Nd3 {[%emt 0:00:30]} 22. Bg3 {[%emt 0:00:05]} c5 {[%emt 0:00:34]} 23. c4 {[%emt 0:00:21]} bxc4 {[%emt 0:00:33]} 24. bxc4 {[%emt 0:00:02]} Nb2 {[%emt 0:00:09]} 25. Nd6 {[%emt 0:00:07]} Bc7 {[%emt 0:00:16]} 26. Ne4 {[%emt 0:00:08]} Bxg3 {[%emt 0:00:05]} 27. hxg3 {[%emt 0:00:02]} Nxc4 {[%emt 0:00:11]} 28. Rc1 {[%emt 0:00:01]} Rd4 {[%emt 0:00:15]} 29. Nxc5 {[%emt 0:00:06]} Rd2+ {[%emt 0:00:02]} 30. Ke1 {[%emt 0:00:02]} Rxg2 {[%emt 0:00:09]} 31. Rxc4 {[%emt 0:00:02]} Rxa2 {[%emt 0:00:04]} 32. Nxe6 {[%emt 0:00:03]} Kf7 {[%emt 0:00:06]} 33. Nd4 {[%emt 0:00:07]} a5 {[%emt 0:00:05]} 34. Rc6 {[%emt 0:00:16]} a4 {[%emt 0:00:18]} 35. Ra6 {[%emt 0:00:02]} a3 {[%emt 0:00:41]} 36. Ne2 {[%emt 0:00:04]} Ra1+ {[%emt 0:00:22]} 37. Kf2 {[%emt 0:00:02]} Ra2 {[%emt 0:00:11]} 38. f4 {[%emt 0:00:05]} Ke7 {[%emt 0:00:04]} 39. Kf3 {[%emt 0:00:05]} Kd7 {[%emt 0:00:09]} 40. Nc3 {[%emt 0:00:09]} Ra1 {[%emt 0:00:03]} 41. Kg4 {[%emt 0:00:10]} h5+ {[%emt 0:00:22]} 42. Kxh5 {[%emt 0:00:07]} Rh1+ {[%emt 0:00:18]} 43. Kg4 {[%emt 0:00:03]} Ra1 {[%emt 0:00:03]} 44. Nb5 {[%emt 0:00:03]} a2 {[%emt 0:00:03]} 45. Nc3 {[%emt 0:00:02]} 1-0